Normal view MARC view
  • Mohammad Riaz Shahid

Entry Personal Name

Number of records used in: 1

001 - CONTROL NUMBER

  • control field: 15312

003 - CONTROL NUMBER IDENTIFIER

  • control field: NUST

005 - DATE AND TIME OF LATEST TRANSACTION

  • control field: 20190621104144.0

008 - FIXED-LENGTH DATA ELEMENTS

  • fixed length control field: 190621|| aca||aabn | a|a d

040 ## - CATALOGING SOURCE

  • Original cataloging agency: NUST
  • Transcribing agency: NUST

100 ## - HEADING--PERSONAL NAME

  • Personal name: Mohammad Riaz Shahid

670 ## - SOURCE DATA FOUND

  • Source citation: Work cat.: (NUST): Mohammad Riaz Shahid, gallah Doctor shabaz diyan /, 1997.
© 2023 Central Library, National University of Sciences and Technology. All Rights Reserved.